| 000 | 00782nam a22002537a 4500 | ||
|---|---|---|---|
| 003 | DO-SdBNP | ||
| 005 | 20180124140227.0 | ||
| 008 | 151203b 1971 sp xxu||||| |||| 00| 0 spa d | ||
| 040 |
_aBPMSU _bspa _cBPMSU |
||
| 041 | 1 | 7 |
_aspa _hdan |
| 092 |
_axxxx _bxxxx |
||
| 100 | 1 | _aWerner, Lisbeth | |
| 240 | 1 | 0 |
_a Puk gaar lige paa. Puk paa en prik. _lEspañol. |
| 245 | 1 | 0 |
_aLa doble de Puck / _cLisbeth Werner ; traducido del Danés por Annelise Larsen ; ilustrado por R. Cortiella. |
| 260 |
_aBarcelona : _bToray, _c1971. |
||
| 300 |
_a167 p. : _bil. ; _c21 cm. |
||
| 490 | 1 |
_aPuck _v; 18 |
|
| 700 | 1 | 2 |
_aLarsen, Annelise, _etr. |
| 830 | 0 |
_aPuck _n18 |
|
| 910 | _a00260 | ||
| 942 |
_2ddc _cBK |
||
| 945 | _a Inventariado extranjero / 2018 VM | ||
| 956 |
_aLorenza Pérez _b10 |
||
| 999 |
_c8998 _d8998 |
||